| 000 | 00671nam a2200241Ia 4500 | ||
|---|---|---|---|
| 003 | OSt | ||
| 005 | 20221005085204.0 | ||
| 006 | a|||||r|||| 00| 0 | ||
| 007 | ta | ||
| 008 | 221004b |||||||| |||| 00| 0 eng d | ||
| 024 | _a122565 | ||
| 037 |
_bGift, 29/10/2012, _cTextual |
||
| 040 |
_aCRL _cCRL _beng |
||
| 041 |
_2eng _aeng |
||
| 082 | _a4wN08, M3 | ||
| 100 | _aSalisbury Harrison E. | ||
| 245 | 0 | _aJourney for our times | |
| 260 |
_aNew York _bCornelia & Michael U.S.A _c1983 |
||
| 300 |
_ax, 546p. _ccm. |
||
| 650 |
_aJOUNRALISM _93876 |
||
| 942 |
_h4wN08, M3 _cTEXL _2cc |
||
| 999 |
_c993817 _d993817 |
||